003020000a22001090004500090001700000245007100017041001400088100002700102942001300129773003300142999001700175 aASbSeriadas10aDos adiciones a las especies nuevas colombianas del género Ficus0 aEspañol1 aDugand, Armando999113 cARTICULO1 tCaldasia345h5q37-40d1942 c14479d14479